[Event "Berlin Kreuzberg op"]
[Site "Berlin"]
[Date "2015.07.18"]
[Round "8"]
[White "Cusnariov, Nikolai"]
[Black "Solhjou Mohammed, Hassan"]
[Result "1-0"]
[WhiteElo "2131"]
[BlackElo "2004"]
[PlyCount "69"]
[EventDate "2015.07.11"]
[EventType "swiss"]
[EventRounds "9"]
[EventCountry "GER"]
[SourceTitle "CBM 167 Extra"]
[Source "ChessBase"]
[SourceDate "2015.09.14"]
[SourceVersion "1"]
[SourceVersionDate "2015.09.14"]
[SourceQuality "1"]

1. d4 d5 2. Nf3 Nf6 3. g3 c6 4. Bg2 Nbd7 5. 0-0 e6 6. b3 Bd6 7. Bb2 Ne4 8. Nfd2 f5 9. Nxe4 fxe4 10. f3 Nf6 11. fxe4 dxe4 12. Nd2 Ng4 13. Nc4 Bc7 14. e3 Qg5 15. Rf4 e5 16. dxe5 Be6 17. Nd6+ Bxd6 18. Qxd6 Qe7 19. Qxe7+ Kxe7 20. Ba3+ Ke8 21. Bxe4 g5 22. Rff1 Nxe3 23. Rf6 Bh3 24. Re1 Nd5 25. Rh6 Bg4 26. h3 Bc8 27. c4 Ne7 28. g4 Ng8 29. Rd6 Ne7 30. e6 b6 31. Red1 Ba6 32. Rd7 Nd5 33. cxd5 c5 34. d6 Rc8 35. Rxa7 1-0

[Event "Berlin Kreuzberg op"]
[Site "Berlin"]
[Date "2015.07.16"]
[Round "6"]
[White "Bruedigam, Martin"]
[Black "Solhjou Mohammed, Hassan"]
[Result "1-0"]
[WhiteElo "2350"]
[BlackElo "2004"]
[PlyCount "51"]
[EventDate "2015.07.11"]
[EventType "swiss"]
[EventRounds "9"]
[EventCountry "GER"]
[SourceTitle "CBM 167 Extra"]
[Source "ChessBase"]
[SourceDate "2015.09.14"]
[SourceVersion "1"]
[SourceVersionDate "2015.09.14"]
[SourceQuality "1"]

1. e4 e5 2. Nf3 d6 3. d4 exd4 4. Nxd4 Nf6 5. Nc3 Be7 6. Be2 0-0 7. 0-0 Re8 8. Re1 c6 9. a4 a5 10. Bf4 Bf8 11. Bf1 Na6 12. Bxa6 Rxa6 13. Nb3 Be6 14. Nd4 Bg4 15. Qd2 Qb6 16. h3 Bc8 17. Nb3 Qb4 18. e5 dxe5 19. Bxe5 Bf5 20. Bxf6 Rxe1+ 21. Rxe1 gxf6 22. Re8 Kg7 23. g4 Be6 24. Nd4 Bd7 25. Rd8 Qe7 26. Rxd7 1-0

[Event "Berlin Kreuzberg op"]
[Site "Berlin"]
[Date "2015.07.15"]
[Round "5"]
[White "Solhjou Mohammed, Hassan"]
[Black "Schmidek, Emil"]
[Result "1-0"]
[WhiteElo "2004"]
[BlackElo "2228"]
[PlyCount "95"]
[EventDate "2015.07.11"]
[EventType "swiss"]
[EventRounds "9"]
[EventCountry "GER"]
[SourceTitle "CBM 167 Extra"]
[Source "ChessBase"]
[SourceDate "2015.09.14"]
[SourceVersion "1"]
[SourceVersionDate "2015.09.14"]
[SourceQuality "1"]

1. e4 e5 2. Nf3 Nc6 3. Bc4 Nf6 4. Ng5 d5 5. exd5 Na5 6. Bb5+ c6 7. dxc6 bxc6 8. Bd3 Ng4 9. Ne4 f5 10. Be2 Nf6 11. Nxf6+ Qxf6 12. Nc3 Bd6 13. d3 0-0 14. Bd2 Rb8 15. a3 c5 16. Bf3 Bb7 17. 0-0 Nc6 18. b4 Nd4 19. Bxb7 Rxb7 20. f4 exf4 21. Nd5 Qe5 22. Nxf4 cxb4 23. axb4 Qf6 24. c3 Bxf4 25. Bxf4 Ne6 26. Qb3 Kh8 27. Ra6 Rb6 28. Ra5 Nxf4 29. Rxf4 Qg5 30. g3 Qh5 31. Rxa7 Re8 32. Qf7 Re1+ 33. Kg2 Qxf7 34. Rxf7 h6 35. R4xf5 Rc1 36. Rc5 Rd6 37. Rc8+ Kh7 38. Rcc7 Rxd3 39. Rxg7+ Kh8 40. Rge7 Rd8 41. Rh7+ Kg8 42. Rxh6 Rc2+ 43. Kh3 Rf2 44. Kg4 Re8 45. Rg6+ Kh8 46. Rc5 Kh7 47. Kg5 Rxh2 48. Rc7+ 1-0